Video Games by Screenshots 5 - Statistics

General Stats
  • This quiz has been taken 30 times
  • The average score is 6 of 16
Answer Stats
Picture Answer % Correct
Sea of Thieves
89%
Raft
85%
Far Cry 3
67%
Half Life 2
67%
Just Cause 3
56%
Resident Evil Village
44%
Batman Arkham Asylum
41%
Potion Craft
37%
Dishonored 2
22%
POSTAL 2
22%
Crysis 2
19%
Ranch Simulator
15%
Music Store Simulator
7%
Prison Life
7%
Mortal Shell
4%
Motorsport Manager
4%
No matching quizzes found
Score Distribution
Percent of People with Each Score
Percentile by Number Answered
Your Score History
You have not taken this quiz